| 000 | 00722nam a22002297a 4500 | ||
|---|---|---|---|
| 999 |
_c12403 _d12403 |
||
| 003 | AR-CdUCM | ||
| 008 | 190408b ||||| |||| 00| 0 spa d | ||
| 040 |
_aMUNICIPALIDAD PROVINCIAL DEL CUSCO _cBIBLIOTECA MUNICIPAL DEL CUSCO |
||
| 041 | _hfre | ||
| 082 |
_23ed. _a903 / _bB77 / 1845 |
||
| 100 |
_aBouillet, Par M. N. _930241 |
||
| 245 | _aDictionnaire universel D´historire et de géographie / | ||
| 260 |
_aParís : _bLibr. de L. Hachette, _c1845. |
||
| 300 |
_a2 tomos : _c24 cm. |
||
| 500 | _aDedicatoria | ||
| 505 | _aContenido: Diccionario t.1. y t.2. | ||
| 650 |
_aDiccionario universal _918469 |
||
| 650 |
_aHistoria _9136 |
||
| 650 |
_aGeografía _9318 |
||
| 942 |
_2ddc _cLIBROS |
||
| 945 |
_aacv _d2019-04-08 |
||